| 000 | 01160nam a22001937a 4500 | ||
|---|---|---|---|
| 008 | 140618b xxu||||| |||| 00| 0 eng d | ||
| 020 | _a9781405763653 | ||
| 050 | _aKD310.H34(5e vol. 33) | ||
| 245 |
_aHalsbury's laws of England : discrimination, vol. 33. / _cedited by Lord Mackay. |
||
| 250 | _a5th ed. | ||
| 260 |
_aLondon: _bLexis Nexis, _c2012. |
||
| 300 |
_a328p.: _c26cm. |
||
| 440 |
_pDiscrimination. _vvol. 32 |
||
| 500 | _aIncludes index. | ||
| 505 | _aContents: How to use Halsbury's laws of England -- References and abbreviations -- Table of statutes -- Table of statutory instruments -- Table of European union legislation -- Table of conventions, etc -- Table of non-statutory material -- Table of cases -- Discrimination: Table of contents -- Sources of law -- The commission for equality and human rights -- Protected characteristics -- Prohibited conduct -- Services and public functions -- Premises -- Work -- Education -- Associations -- Accessibility issues for disabled persons -- Advancement of equality -- Exceptions -- Inquiries, investigations and enforcement. | ||
| 650 | _aLaw. | ||
| 700 | _aMackay, Lord. | ||
| 942 |
_2lcc _cBK |
||
| 999 |
_c3000 _d10500 |
||